| 000 | 01435nam a2200373Ia 4500 | ||
|---|---|---|---|
| 001 | dia_941 | ||
| 003 | CHAP | ||
| 005 | 20251027145753.0 | ||
| 008 | 220117s1981 xx 000 0 und d | ||
| 010 | _a176441 | ||
| 020 | _a84-200-0395-6 (t.1) \ 84-200-0395-6 (t.2) \ 84-200-0487-1 (t.3) | ||
| 040 | _cCHAP | ||
| 082 | _a614.31 M35 1981 | ||
| 100 |
_aMaier, Hans Gerhard _969898 |
||
| 245 |
_aMétodos modernos de análisis de alimentos / _c Hans Gerhard Maier ; colaboración Georg Leber ; prólogo Willibald Diemair ; traducción Celso Gutiérrez Losa y Ma. Angeles Garrada Hualde |
||
| 250 | _a2a ed. | ||
| 260 |
_aEspaña : _b Acribia, _c1981 |
||
| 300 | _a3 t. | ||
| 500 | _aTítulo original: Leitfaden moderner der lebensmitelanalytik | ||
| 503 | _aC/e | ||
| 504 | _aIncluye bibliografías | ||
| 505 | _at. Métodos ópticos \ t. 2. Métodos cromátográficos incluyendo el intercambio iónico \ t. 3. Métodos electroquímicos y enzimáticos | ||
| 590 | _aTX541 M35 1981 | ||
| 650 |
_aAlimentos _xAnálisis _94164 |
||
| 650 |
_aFoods _xAnalysis _9149576 |
||
| 700 |
_aDiemair, Willibald, prol. _9139418 |
||
| 700 |
_aGarrada Hualde, Ma. Angeles, tr. _9158843 |
||
| 700 |
_aGutiérrez Losa, Celso. tr. _9139419 |
||
| 700 |
_aLeber, Georg, colab. _9139420 |
||
| 901 | _a614.31 M35 1981 | ||
| 902 | _aA | ||
| 905 | _a5222271981 sp aimn8222223322spa16 | ||
| 942 |
_cLIBRO _2ddc |
||
| 999 |
_c176441 _d176441 |
||